Responses for show #7422 - Tuesday, December 13, 2016

Tim Aten game 8.
Cindy Stowell game 1.

Contestants

Cindy Stowell, a science content developer from Austin, Texas

Garrett Levenbrook, a food executive from Montclair, New Jersey

Tim Aten, an editor from Vermilion, Ohio (whose 7-day cash winnings total $107,499)

Jeopardy! Round responses

LAST NAME'S THE SAME
ALL ABOUT ANIMALS
THAT'S A GREEK LETTER
ALLITERATION
GEORGIA
HOLIDAY DUETS
    $200 18
Adams

Cindy!
    $200 13
yin & yang

Tim
    $200 2
alpha

Tim
    $200 28
finger food

Tim
    $200 22
the Peach State

Cindy!
    $200 1
Elvis Presley

Cindy!
    $400 17
Cuomo

Tim
    $400 9
otters

Tim
    $400 4
pi

Garrett
    $400 24
(Alex: Less than a minute now.)

a red ribbon

Tim
    $400 29
Atlanta

Cindy!
    $400 3
(Garrett: What is "It's Cold Outside"?)
(Alex: [Inhales sharply] Give me a little more.)
(Garrett: Uh...)

"Baby, It's Cold Outside"

GarrettCindy!
    $600 19
Hilton

Tim
    $600 14
hyenas

Garrett
    $600 6
Omega

Cindy!
    $600 25
a ticker tape

Garrett
    $600 5
(Garrett: Who is Oglethorpe?)

Juliette Gordon Low

Garrett
Triple Stumper
    $600 10
(Cindy: What is "Little Soldier Boy"?)

"The Little Drummer Boy"

Cindy!
Triple Stumper
    $800 20
Morgan

Garrett
    $1,000 15
an anteater

Garrett
    $800 7
iota

Cindy!
    $800 26
sea salt

Tim
    $800 23
(Alex: Also ran a successful campaign for president.)

Jimmy Carter

Triple Stumper
    $800 11
Mariah Carey

Tim
    $1000 21
Johnson

Tim
    $1000 16
Mongolia

Garrett
    $1000 8
epsilon & upsilon

Triple Stumper
    $1000 27
blood banks

Triple Stumper
    $1000 30
(Garrett: What are the Blue Mountains--Blue Smoke Mountains?)

the Blue Ridge Mountains

Garrett
Triple Stumper
    $1000 12
(Alex: And I said Charlie Brown's, and it should be Charlie Brown Christmas. See? I do misspeak--often.)

"Christmas Time Is Here"

Triple Stumper

Scores at the first commercial break (after clue 15):

Tim Garrett Cindy!
$1,600 $1,000 $1,400

Scores at the end of the Jeopardy! Round:

Tim Garrett Cindy!
$5,000 $2,400 $2,200

Double Jeopardy! Round responses

THAT OLD-TIME RELIGION
NO STAN LEE CAMEO
BOOKS OF THE 1930s
THE MILITARY AT HOME
LESSER-KNOWN HISTORIC NAMES
(Alex: We take you...)
TO THE END"THE" DEGREE
    $400 19
(Alex: ...yes, not Sex.)

The Joy of Cooking

Cindy!
    $400 7
Fort Sumter

Cindy!
    $400 1
loathe

Cindy!
    $800 15
Buddhism

Cindy!
    $800 12
the Spider Woman

Garrett
    $800 20
Gone with the Wind

Garrett
    $800 8
(Garrett: What is the Maginot?)
...
(Alex: Maginot was the French line. [*] was the German line.)

Siegfried

Garrett
Triple Stumper
    $800 2
(Garrett: What is scathe?)

sheathe

GarrettCindy!
    $1200 4
[ERRATUM: The apostle Paul wrote in the 1st century A.D., not B.C.]

(St.) Paul

Tim
    $4,000 10
Red Dawn

Cindy!
    $1200 21
The Thin Man

Triple Stumper
    $1200 24
Red, White & Blue

Triple Stumper
    $1200 9
(Garrett: What is signing the Constitution)

signing the Declaration of Independence

GarrettCindy!
    $1200 3
absinthe

Garrett
    $2,000 13
the Dead Sea Scrolls

Garrett
    $1600 11
Nightcrawler

Tim
    $1600 22
(Garrett: What are the Ranks?)
...
(Alex: We have less than a minute to go now, Garrett.)

Forces

Garrett
Triple Stumper
    $1600 17
the Cossacks

Triple Stumper
    $1600 5
tithe

Tim
    $2000 14
Zoroaster

Garrett
    $2000 16
Fury

Cindy!
    $2000 25
(Garrett: What is the The Iceman Cometh?)
...
[The end-of-round signal sounds.]

The Postman Always Rings Twice

Garrett
Triple Stumper
    $2000 23
posse

Triple Stumper
    $2000 18
Sault Ste. Marie

Triple Stumper
    $2000 6
a scythe

Tim

Scores at the end of the Double Jeopardy! Round:

Tim Garrett Cindy!
$11,400 $2,800 $12,200

[wagering suggestions for these scores]

Final Jeopardy! Round responses

CITY NAMES
GarrettWhat is Asuncion
$1,000
TimWhat is Asuncion?
$3,600
Cindy!What is Santiago?
$10,601
Santiago

Final scores:

Tim Garrett Cindy!
$7,800 $1,800 $22,801
2nd place: $2,000 3rd place: $1,000 New champion: $22,801

Game dynamics:

Coryat scores:

Tim Garrett Cindy!
$11,400 $2,200 $9,400
14 R,
0 W
11 R
(including 2 DDs),
8 W
15 R
(including 1 DD),
1 W

Combined Coryat: $23,000

The J! Archive is created by fans, for fans. The Jeopardy! game show and all elements thereof, including but not limited to copyright and trademark thereto, are the property of Jeopardy Productions, Inc. and are protected under law. This website is not affiliated with, sponsored by, or operated by Jeopardy Productions, Inc. Join the discussion at JBoard.tv.